Normal view
MARC view
- المفاوضات الدبلوماسية في النزاعات القومية -- اتفاقية السلام بين الاردن واسرائيل (1994) --الاردن --علاقات خارجية -- اسرائيل -- معاهدات
Entry Topical Term
001 - CONTROL NUMBER
- control field: 50021
003 - CONTROL NUMBER IDENTIFIER
- control field: JO-AjAnu
005 - DATE AND TIME OF LATEST TRANSACTION
- control field: 20230606082234.0
008 - FIXED-LENGTH DATA ELEMENTS
- fixed length control field: 230606|| aca||aabn | a|a d
040 ## - CATALOGING SOURCE
- Original cataloging agency: JO-AjAnu
- Transcribing agency: JO-AjAnu
150 ## - HEADING--TOPICAL TERM
- Topical term or geographic name entry element: المفاوضات الدبلوماسية في النزاعات القومية -- اتفاقية السلام بين الاردن واسرائيل (1994) --الاردن --علاقات خارجية -- اسرائيل -- معاهدات
670 ## - SOURCE DATA FOUND
- Source citation: Work cat.: (JO-AjAnu)25575: الطراونة ، فايز ،اشراف محمد المصالحة , author 50020, الدبلوماسية التفاوضية في التجربة الأردنية ( من واشنطن إلى وادي عربة )